| 000 | 00000nas##2200000za#4500 |
| 001 | 9.507852 |
| 003 | CaOODSP |
| 005 | 20200331212321 |
| 007 | cr ||||||||||| |
| 008 | 150406c1996||||xxc|| p o||||f| |0eng|d |
| 040 | |aCaOODSP|beng |
| 043 | |an-cn--- |
| 086 | 1 |aBT49-4/16E-PDF |
| 110 | 1 |aCanada.|bTreasury Board.|bHuman Resources Branch. |
| 245 | 10|aHuman resource strategies in times of change : |h[electronic resource]|ban inventory of initiatives |
| 260 | |aOttawa - Ontario : |bTreasury Board of Canada Secretariat. |
| 310 | |aIrregular |
| 362 | 1 |a1996-2001 |
| 500 | |aAt head of title of 4th ed. (Oct. 2001): Inventory of initiatives further to the 1999 public service employee survey. 4th ed. (Oct. 2001) constitutes a special ed. |
| 690 | 07|aHuman resources|2gcpds |
| 690 | 07|aPublic service|2gcpds |
| 775 | 08|tStratégies en matière de ressources humaines d'une période en évolution : |w(CaOODSP)9.504230 |